| 000 | 00575nam a2200229Ia 4500 | ||
|---|---|---|---|
| 003 | OSt | ||
| 005 | 20221005043527.0 | ||
| 006 | a|||||r|||| 00| 0 | ||
| 007 | ta | ||
| 008 | 221004b |||||||| |||| 00| 0 eng d | ||
| 024 | _a71919 | ||
| 037 | _cTextual | ||
| 040 |
_aCRL _cCRL _beng |
||
| 041 |
_2eng _aeng |
||
| 082 | _aY33(L:558), M4 | ||
| 245 | 0 | _aUrban air pollution | |
| 260 |
_aGeneva _bWorld Health Organization _c1984 |
||
| 300 |
_avii, 96p _ccm. |
||
| 650 | _aSOCIOLOGY | ||
| 942 |
_hY33(L:558), M4 _cTEXL _2cc |
||
| 999 |
_c951974 _d951974 |
||